000 03101cam a22004933a 4500
005 20031120092628.0
008 980724s1998 nyu j 000 1 eng d
010 _aB-330627-633
020 _a0590399950
_c95.00
020 _a9780590399951
_c95.00
035 _aB-330627-633
035 _aB-358544
037 _bThe Wise owl
040 _adpl
_bEnglish
082 _aS
100 _aStine, R. L.
245 _aFright camp /
_cby R.L. Stine
260 _aNew York
_bScholastic Inc.
_c2007.
270 _a555 Broadway
_bNewyork
_eNY 10012
300 _a122p.
_c19cm. (pbk)
490 _aGoosebumps series 2000; 8
500 _a"An Apple paperback."
500 _a"A Parachute Press book"--T.p. verso.
520 _aTwelve-year-old Andrew and his ten-year-old brother Tyler are thrilled to go to "fright camp" held by their favorite horror movie director, but it turns out to be even more frightening than they expect.
650 _aMonsters
_vFiction.
650 _aCamps
_vFiction.
650 _aHorror tales.
655 _aHorror fiction.
_2gsafd
655 _aFantasy fiction.
_2gsafd
710 _aCopyright Paperback Collection (Library of Congress)
800 _aStine, R. L.
_tGoosebumps series 2000 ;8
942 _2ddc
_cCH
_hS
_mSTI
999 _c21295
_d21295